000 00299nam a22001337a 4500
003 SGT
020 _a8171321224
082 _a371.35,SHA
100 _aSHARMA, S. R
245 _aORGANISATION OF DISTANCE EDUCATION
260 _aJAIPUR
_bPOINTER PUBLISHARS
_c2008
300 _a200
942 _2ddc
_cBK
999 _c34044
_d34044